| 000 | 01382nam a2200313 a 4500 | ||
|---|---|---|---|
| 001 | ebr10540831 | ||
| 003 | CaPaEBR | ||
| 006 | m u | ||
| 007 | cr cn||||||||| | ||
| 008 | 120328s2012 enk s 001 0 eng d | ||
| 020 | _z9781848855144 | ||
| 020 | _z9780857720665 (e-book) | ||
| 040 |
_aCaPaEBR _cCaPaEBR |
||
| 035 | _a(OCoLC)781764462 | ||
| 043 | _ae-uk--- | ||
| 050 | 1 | 4 |
_aJV443 _b.K57 2012eb |
| 100 | 1 |
_aKirk-Greene, A. H. M. _q(Anthony Hamilton Millard) |
|
| 245 | 1 | 0 |
_aAspects of empire _h[electronic resource] : _ba second Corona anthology / _cAnthony Kirk-Greene. |
| 260 |
_aLondon : _bI.B.Tauris, _c2012. |
||
| 300 | _axii, 291 p. | ||
| 500 | _aIncludes index. | ||
| 500 | _a"This is the second volume of the anthology drawn from Corona, the official journal of the Colonial Service/Her Majesty's Overseas Civil Service published monthly from February 1949 to December 1962."--P. vii. | ||
| 533 |
_aElectronic reproduction. _bPalo Alto, Calif. : _cebrary, _d2011. _nAvailable via World Wide Web. _nAccess may be limited to ebrary affiliated libraries. |
||
| 650 | 0 | _aCivil service, Colonial. | |
| 650 | 0 |
_aCivil service _zGreat Britain _xColonies. |
|
| 655 | 7 |
_aElectronic books. _2local |
|
| 710 | 2 | _aebrary, Inc. | |
| 856 | 4 | 0 |
_uhttp://site.ebrary.com/lib/rucke/Doc?id=10540831 _zAn electronic book accessible through the World Wide Web; click to view |
| 999 |
_c246107 _d246107 |
||